The trumpet of the soule, sounding to iudgement. /

Bibliographic Details
Main Author: Smith, Henry, 1550?-1591
Format: eBook
Language:English
Published: London: : Printed by Edw. All-de, dwelling neere Christ-Church., 1621..
Series:Early English books online.
Subjects:
Online Access:Connect to the full text of this electronic book

MARC

Tag First Indicator Second Indicator Subfields
LEADER 00000nam a2200000Ia 4500
001 in00004184713
005 20200807084638.0
006 m g d
007 cr bn |||a|bb|
008 070209s1621 enk o 000 0 eng d
040 |a UMI  |e dcrb  |c UMI 
035 |a (OCoLC)82475290 
037 |a CL0036000078  |b ProQuest Information and Learning, 789 E. Eisenhower Parkway, Ann Arbor, MI 48108-3218 
043 |a e-uk-en 
045 |a u-u- 
090 |a BT880  |b .S64 1621 
049 |a UMIA 
100 1 |a Smith, Henry,  |d 1550?-1591. 
245 1 4 |a The trumpet of the soule, sounding to iudgement. /  |c By Henry Smith. ; Whereunto is annexed a deuout prayer.. 
260 |a London: :  |b Printed by Edw. All-de, dwelling neere Christ-Church.,  |c 1621.. 
300 |a 1 online resource ([38] pages) 
336 |a text  |b txt  |2 rdacontent 
337 |a computer  |b c  |2 rdamedia 
338 |a online resource  |b cr  |2 rdacarrier 
500 |a Printer's device (McK. 310) on t.p.; text head-piece and initial. 
500 |a Signatures: A-B⁸, C⁴ (first leaf blank?). 
500 |a Imperfect: cropped with slight loss of printing. 
500 |a Reproduction of original in: British Library. 
510 4 |a STC (2nd edition)  |c 22710. 
533 |a Electronic reproduction.  |b Ann Arbor, Mich. :  |c UMI,  |d 1999-  |f (Early English books online)  |n Digital version of: (Early English books, 1475-1640 ; 2255:19)  |7 s1999 miun s 
650 0 |a Judgment Day  |v Sermons  |v Early works to 1800. 
630 0 0 |a Bible.  |p O.T.  |p Ecclesiastes XI, 9  |v Sermons  |v Early works to 1800. 
650 0 |a Sermons, English  |y 17th century. 
830 0 |a Early English books online. 
856 4 0 |u http://proxy.library.tamu.edu/login?url=https://search.proquest.com/docview/2240889311  |z Connect to the full text of this electronic book  |t 0 
994 |a 02  |b UMI 
999 f f |s 838e496e-ab86-3131-8c60-067806794a63  |i 31483523-91fe-3631-9a66-6051e63b8084  |t 0 
952 f f |a Texas A&M University  |b College Station  |c Electronic Resources  |d Available Online  |t 0  |e BT880 .S64 1621  |h Library of Congress classification 
998 f f |a BT880 .S64 1621  |t 0  |l Available Online